Rèn luyện kĩ năng giải toán hóa học 11 : Bài tập tự luận - Bài tập trắc nghiệm

Sách giới thiệu sự điện li, nhóm nitơ, nhóm cacbon, đại cương về hóa học hữu cơ. Nêu các phương pháp giải toán dưới dạng chủ đề, các bài tập kèm theo lời giải mẫu hoặc hướng dẫn giải, bài tập tự giải......

Deskribapen osoa

Gorde:
Xehetasun bibliografikoak
Egile nagusia: Ngô, Ngọc An
Formatua: Liburua
Hizkuntza:Undetermined
Argitaratua: Hà Nội Giáo dục 2009
Gaiak:
Etiketak: Etiketa erantsi
Etiketarik gabe, Izan zaitez lehena erregistro honi etiketa jartzen!
Thư viện lưu trữ: Trung tâm Học liệu Trường Đại học Cần Thơ
LEADER 01044nam a2200229Ia 4500
001 CTU_207745
008 210402s9999 xx 000 0 und d
020 |c 30000 
082 |a 540.76 
082 |b A105/T.1 
100 |a Ngô, Ngọc An 
245 0 |a Rèn luyện kĩ năng giải toán hóa học 11 : 
245 0 |b Bài tập tự luận - Bài tập trắc nghiệm 
245 0 |c Ngô Ngọc An 
260 |a Hà Nội 
260 |b Giáo dục 
260 |c 2009 
520 |a Sách giới thiệu sự điện li, nhóm nitơ, nhóm cacbon, đại cương về hóa học hữu cơ. Nêu các phương pháp giải toán dưới dạng chủ đề, các bài tập kèm theo lời giải mẫu hoặc hướng dẫn giải, bài tập tự giải... 
650 |a Chemistry,Hóa học 
650 |x Problems, exercises, etc.,Câu hỏi, bài tập v.v 
904 |i cẩm tú,Qhieu 
980 |a Trung tâm Học liệu Trường Đại học Cần Thơ